000 00458nam a2200181Ia 4500
008 230524s9999 xx 000 0 und d
020 _a9788174092953
082 _bVAZ
100 _aV.N. Vazirani
245 0 _aDesign and Analysis of Steel Structures
250 _a5
260 _aNew Delhi
_bKhanna Pub
_c2015
300 _a979p;
500 _aQuantity Number: 1
650 _aCivil
700 _a"M.M. Ratwani , Vineet Kumar"
_942849
942 _cBK
999 _c57821
_d57821